000 00435nam a2200169Ia 4500
001 38656
005 20240114002019.0
007 ta
008 070726s g b000 u 465 u
041 _a465
082 _a910.130
_bJo 71 Kr
100 _aJones , Emmy`s .
245 0 _aAn introduction to Social Geography /
_cEmmy`s Jones And John Eyles.
_hTextual Documents
653 _aGeography
942 _2ddc
_cBK
999 _c38628
_d38628